| 000 | 00367nam a22001577a 4500 | ||
|---|---|---|---|
| 003 | MACL | ||
| 005 | 20151126170414.0 | ||
| 008 | 151126b xxu||||| |||| 00| 0 eng d | ||
| 040 | _cMACL | ||
| 041 | _aEnglish | ||
| 082 | _a020/DAS | ||
| 100 |
_aDasgupta,Arjun _918434 |
||
| 245 | _aA New Look to Library Management | ||
| 650 |
_aLibrary _918435 |
||
| 942 |
_2ddc _cBK |
||
| 999 |
_c51215 _d51215 |
||